000 01148nam a22002777a 4500
999 _c65563
_d65563
005 20240530110831.0
008 190903s2006 ua a g b 000 0 ara d
017 _bمصر. دار الكتب
_a2006/11996
020 _a9775732662
040 _aEG-CaGPL
_cEG-CaGPL
082 0 4 _221
_a229.3 \
_bن ص
100 1 _aالنبهانى ، يوسف بن اسماعيل
245 1 0 _aصلوات الثناء على سيد الانبياء صلى الله عليه وسلم /
_cيوسف بن اسماعيل النبهانى ؛ اعداد محمد خالد ثابت
250 _aط.1
260 _aالقاهرة :
_bالمقطم للنشر والتوزيع،
_c2006
300 _a198 ص. ؛
_c24 سم.
504 _aيشتمل على ارجاعات ببليوجرافية
650 0 7 _2qrmak
_aالقران الكريم
_xتفسير
650 0 7 _aاخلاق الرسول
_2qrmak
650 0 7 _aالسيرة النبوية
_2qrmak
650 0 7 _aالقران الكريم
_xسور وايات
_2qrmak
651 _2qrmak
700 0 _aمحمد خالد ثابت
_eمعد
942 _2ddc
_cBK